01369nam a2200253 a 4500001001000000005001700010008004100027041000800068044000700076084002100083100004500104245009500149260003600244300002400280500022600304500014100530500014800671500005900819650005200878650005600930650003400986650004501020740005001065BRCA_272520190320203936.0031208s1893----fr-a---###---#000-0dspa-# aspa afr a220b.G376c18931 aCervantes Saavedra, Miguel ded1547-161610aEl Ingenioso Hidalgo Don Quijote de la Manchaccompuesto por Miguel de Cervantes Saavedra. aParísbGarnier hermanosc1893 a776 p.bil.c18 cm. aContenido : Primera parte. Vida de Cervantes refundición de la escrita por Aribau. Dedicatoria del autor. Prólogo del autor. Versos preliminares. Texto. Segunda parte. Dedicatoria del autor. Prólogo del autor. Texto aEdición : Conforme la última corregida por la Academia Española con la vida del autor y notas para la buena inteligencia del texto aEdición similar a las publicadas por la propia Casa editorial, en 1886 y 1889. Semipiel; lomera decorada con adornos dorados Lúdovik Osterc aCon ex-libris de : Lower Mosley St. Schools Manchester14aNovela españolayÉpoca clásica, 1500-170014aLiteratura españolayÉpoca clásica, 1500-170014aNovela españolaySiglo XVII14aDon Quijote (Personaje ficticio)eNovela0 aEl Ingenioso Hidalgo Don Quijote de la Mancha